000
00314nam a2200109Ia 4500
008
171211s9999 xx 000 0 und d
245
_a
See What I Mean: How to Use Comics to Communicate Ideas
245
_c
Kevin Cheng
260
_c
2016
650
_x
Design
856
_u
http://down.ebook777.com/062/1933820276.pdf
999
_c
347901
_d
347901